<?xml version="1.0" encoding="UTF-8"?>
<record
    xmlns:xsi="http://www.w3.org/2001/XMLSchema-instance"
    xsi:schemaLocation="http://www.loc.gov/MARC21/slim http://www.loc.gov/standards/marcxml/schema/MARC21slim.xsd"
    xmlns="http://www.loc.gov/MARC21/slim">

  <leader>01656nam a2200229 a 4500</leader>
  <controlfield tag="005">20140128150830.0</controlfield>
  <controlfield tag="008">140128b2007    ck ||||| |||| 00| 0 spa d</controlfield>
  <datafield tag="041" ind1=" " ind2=" ">
    <subfield code="a">spa</subfield>
  </datafield>
  <datafield tag="044" ind1=" " ind2=" ">
    <subfield code="a">ck</subfield>
  </datafield>
  <datafield tag="090" ind1=" " ind2=" ">
    <subfield code="a">IAVH</subfield>
    <subfield code="b">00894</subfield>
  </datafield>
  <datafield tag="100" ind1=" " ind2=" ">
    <subfield code="a">Gallego L&#xF3;pez, Alexandra Mar&#xED;a</subfield>
    <subfield code="9">2358</subfield>
  </datafield>
  <datafield tag="245" ind1=" " ind2=" ">
    <subfield code="a">Giras y eventos regionales, en el marco de la estrat&#xE9;gia de cierre del Proyecto Andes en el Eje Cafetero</subfield>
  </datafield>
  <datafield tag="260" ind1=" " ind2=" ">
    <subfield code="a">Bogot&#xE1;</subfield>
    <subfield code="b">Instituto Alexander von Humboldt</subfield>
    <subfield code="c">2007</subfield>
  </datafield>
  <datafield tag="300" ind1=" " ind2=" ">
    <subfield code="a">134 p.</subfield>
  </datafield>
  <datafield tag="520" ind1=" " ind2=" ">
    <subfield code="a">Presenta un compendio de las actividades desarrolladas durante Agosto 31 a Diciembre 15 de 2007, en la zona de intervenci&#xF3;n del proyecto Andes, a trav&#xE9;s de giras de socializaci&#xF3;n de la experiencia de conservaci&#xF3;n y uso sostenible de la biodiversidad en Paisajes Rurales; el desarrollo de mesas de trabajos de lecciones aprendidas en los tres departamentos del Eje Cafetero (Caldas, Risaralda, Quind&#xED;o) y el Valle, donde se  implementaron estrategias de conservaci&#xF3;n;  cursos y talleres de capacitaciones; apoyo a la misi&#xF3;n de evaluaci&#xF3;n por parte del Banco Mundial en las zonas de influencia del proyecto Andes, como el caso de la cuenca del r&#xED;o Nima en el Valle del Cauca y el ca&#xF1;&#xF3;n del r&#xED;o Barbas en el departamento del Quind&#xED;o; divulgaci&#xF3;n de resultados del proyecto Andes y del proceso investigativo en el Eje Cafetero a trav&#xE9;s de un trabajo coordinado con los  medios de comunicaci&#xF3;n masivos locales y regionales del Quind&#xED;o, entre otras</subfield>
  </datafield>
  <datafield tag="650" ind1=" " ind2=" ">
    <subfield code="a">Giras</subfield>
    <subfield code="9">5550</subfield>
  </datafield>
  <datafield tag="650" ind1=" " ind2=" ">
    <subfield code="a">Intercambio de experiencias</subfield>
    <subfield code="9">5551</subfield>
  </datafield>
  <datafield tag="650" ind1=" " ind2=" ">
    <subfield code="a">Paisajes rurales</subfield>
    <subfield code="9">2419</subfield>
  </datafield>
  <datafield tag="650" ind1=" " ind2=" ">
    <subfield code="a">Logros Proyecto Andes</subfield>
    <subfield code="9">5552</subfield>
  </datafield>
  <datafield tag="942" ind1=" " ind2=" ">
    <subfield code="c">CD-ROM</subfield>
    <subfield code="2">z</subfield>
  </datafield>
  <datafield tag="945" ind1=" " ind2=" ">
    <subfield code="d">2008-08-25</subfield>
  </datafield>
  <datafield tag="999" ind1=" " ind2=" ">
    <subfield code="c">6482</subfield>
    <subfield code="d">6482</subfield>
  </datafield>
  <datafield tag="952" ind1=" " ind2=" ">
    <subfield code="0">0</subfield>
    <subfield code="1">0</subfield>
    <subfield code="2">z</subfield>
    <subfield code="4">0</subfield>
    <subfield code="7">0</subfield>
    <subfield code="8">HUMBOLDT</subfield>
    <subfield code="I">INV2017</subfield>
    <subfield code="a">Bogota</subfield>
    <subfield code="b">Bogota</subfield>
    <subfield code="d">2008-08-25</subfield>
    <subfield code="l">0</subfield>
    <subfield code="o">IAVH-00894</subfield>
    <subfield code="p">026314</subfield>
    <subfield code="r">2024-08-09 00:00:00</subfield>
    <subfield code="t">Ej. 1</subfield>
    <subfield code="w">2012-12-04</subfield>
    <subfield code="x">Dep&#xF3;sito Institucional</subfield>
    <subfield code="y">INFORME</subfield>
  </datafield>
</record>
